[Event "6. Ciutat de Tarragona 2005"]
[Site "Tarragona ESP"]
[Date "2005.08.26"]
[Round "7.3"]
[White "Kazhgaleyev, Murtas"]
[Black "Movsziszian, Karen"]
[Result "0-1"]
[WhiteElo "2619"]
[BlackElo "2439"]
[PlyCount "90"]
[EventDate "2005.08.20"]
[EventType "swiss"]
[EventRounds "9"]
[EventCountry "ESP"]
[Source "lmi"]
[SourceDate "2005.08.28"]

1. d4 Nf6 2. c4 g6 3. Nc3 Bg7 4. e4 d6 5. h3 O-O 6. Bg5 Qe8 7. Bd3 e5 8. d5 Nh5
9. Nge2 f5 10. exf5 gxf5 11. g4 Nf4 12. Nxf4 exf4+ 13. Kf1 h6 14. Bh4 Na6 15.
Bxf5 Bxf5 16. gxf5 Rxf5 17. Rg1 Qf7 18. Nb5 Kh7 19. Nd4 Bxd4 20. Qxd4 Re8 21.
f3 Nc5 22. Re1 Re3 23. Bf2 Rd3 24. h4 Rxd4 25. Bxd4 Nd3 26. Re8 Ne5 27. Rc8 Qh5
28. Rxc7+ Rf7 29. Rxf7+ Qxf7 30. Bxe5 dxe5 31. Rg2 Qh5 32. Rf2 Qxh4 33. Rd2
Qh1+ 34. Ke2 Qg2+ 35. Kd3 Qxf3+ 36. Kc2 Qg4 37. d6 Qd7 38. c5 Kg6 39. b4 a6 40.
Kd3 Kf5 41. Rh2 e4+ 42. Kd4 Qg7+ 43. Kc4 Qf7+ 44. Kd4 Qf6+ 45. Kd5 f3 0-1

[Event "6. Ciutat de Tarragona 2005"]
[Site "Tarragona ESP"]
[Date "2005.08.26"]
[Round "7.4"]
[White "Dzhumaev, Marat"]
[Black "Chabanon, Jean-Luc"]
[Result "1-0"]
[WhiteElo "2531"]
[BlackElo "2426"]
[PlyCount "99"]
[EventDate "2005.08.20"]
[EventType "swiss"]
[EventRounds "9"]
[EventCountry "ESP"]
[Source "lmi"]
[SourceDate "2005.08.28"]

1. e4 e5 2. Nf3 Nc6 3. Bb5 a6 4. Ba4 Nf6 5. O-O b5 6. Bb3 Bb7 7. d4 Nxe4 8. Bd5
Nf6 9. Bg5 Be7 10. Bxf6 gxf6 11. Nh4 Qc8 12. c3 Nd8 13. Bxb7 Qxb7 14. d5 Rg8
15. g3 Rg5 16. Re1 e4 17. c4 bxc4 18. Nc3 f5 19. f4 Rg6 20. Nxf5 Bc5+ 21. Kh1
Ne6 22. Nxe4 O-O-O 23. Rc1 Bb4 24. a3 Ng7 25. Rxc4 Nxf5 26. Rxb4 Rb6 27. Nc5
Qa7 28. Qd3 a5 29. Rc4 Nd6 30. Rc2 h5 31. Qh7 Qa8 32. Qxh5 f5 33. Re5 Rb5 34.
Qe2 Qa7 35. Qf2 c6 36. Ne4 Qb8 37. Nc3 Rb3 38. dxc6 dxc6 39. Rc5 Kb7 40. Rd2
Rxc3 41. Rxc3 Ne4 42. Rb3+ Kc7 43. Rxb8 Nxf2+ 44. Rxf2 Rxb8 45. Kg2 Kd6 46. h3
Ke6 47. Re2+ Kf6 48. Rc2 c5 49. g4 a4 50. Kg3 1-0

[Event "6. Ciutat de Tarragona 2005"]
[Site "Tarragona ESP"]
[Date "2005.08.26"]
[Round "7.5"]
[White "Perpinya Rofes, Lluis Maria"]
[Black "Zagrebelny, Sergey"]
[Result "0-1"]
[WhiteElo "2381"]
[BlackElo "2510"]
[PlyCount "72"]
[EventDate "2005.08.20"]
[EventType "swiss"]
[EventRounds "9"]
[EventCountry "ESP"]
[Source "lmi"]
[SourceDate "2005.08.28"]

1. e4 c5 2. Nc3 d6 3. Nge2 Nf6 4. d4 cxd4 5. Nxd4 a6 6. Be3 e6 7. Be2 Qc7 8. f4
b5 9. a3 Bb7 10. Bf3 Nbd7 11. Qe2 Be7 12. O-O O-O 13. Bf2 Rfe8 14. Rad1 Nb6 15.
e5 Bxf3 16. Qxf3 dxe5 17. fxe5 Nfd5 18. Ne4 Rf8 19. Bg3 Qd7 20. Qg4 Ne3 21. Qh5
Nxd1 22. Rxd1 Rad8 23. Rd3 Nd5 24. Nf3 Qc6 25. Nd4 Qb7 26. Qg4 Kh8 27. Bf2 f5
28. exf6 Nxf6 29. Nxf6 Bxf6 30. Rh3 Bxd4 31. Bxd4 Qf7 32. Rf3 Qd7 33. Rd3 e5
34. Qxd7 Rxd7 35. Bxe5 Rxd3 36. cxd3 Kg8 0-1

[Event "6. Ciutat de Tarragona 2005"]
[Site "Tarragona ESP"]
[Date "2005.08.27"]
[Round "8.1"]
[White "Movsziszian, Karen"]
[Black "Kogan, Artur"]
[Result "0-1"]
[WhiteElo "2439"]
[BlackElo "2580"]
[PlyCount "110"]
[EventDate "2005.08.20"]
[EventType "swiss"]
[EventRounds "9"]
[EventCountry "ESP"]
[Source "lmi"]
[SourceDate "2005.08.28"]

1. g3 d5 2. Bg2 c6 3. Nf3 Bg4 4. O-O Nd7 5. d3 e6 6. b3 Ngf6 7. Bb2 Be7 8. Nbd2
O-O 9. c4 a5 10. a3 Qb8 11. Qc2 Re8 12. h3 Bh5 13. e4 dxe4 14. dxe4 e5 15. Rfe1
Bf8 16. Nf1 Bxf3 17. Bxf3 Nc5 18. Bg2 Ne6 19. Nh2 Nd7 20. h4 Ndc5 21. Nf3 f6
22. Bh3 Qc7 23. Rad1 Qb6 24. Re3 Rad8 25. Bxe6+ Nxe6 26. Red3 Rxd3 27. Rxd3 Nc5
28. Re3 Rd8 29. Ne1 Rd7 30. Kg2 g6 31. Nd3 Qd8 32. Nxc5 Bxc5 33. Re2 Rd1 34.
Bc3 Bxa3 35. Bxa5 Qd3 36. Bc3 Qxc2 37. Rxc2 Rb1 38. Bd2 Rxb3 39. c5 Rb2 40.
Rxb2 Bxb2 41. f4 Bd4 42. Bb4 h5 43. Kf3 Kf7 44. f5 g5 45. g4 hxg4+ 46. Kxg4
gxh4 47. Kxh4 Ke7 48. Kg4 Kf7 49. Kh5 b6 50. cxb6 Bxb6 51. Kg4 c5 52. Bd2 c4
53. Kf3 Ke7 54. Ke2 Kd7 55. Bh6 Bf2 0-1

[Event "6. Ciutat de Tarragona 2005"]
[Site "Tarragona ESP"]
[Date "2005.08.27"]
[Round "8.2"]
[White "Dzhumaev, Marat"]
[Black "Oratovsky, Michael"]
[Result "1-0"]
[WhiteElo "2531"]
[BlackElo "2529"]
[PlyCount "64"]
[EventDate "2005.08.20"]
[EventType "swiss"]
[EventRounds "9"]
[EventCountry "ESP"]
[Source "lmi"]
[SourceDate "2005.08.28"]

1. e4 c5 2. Nf3 Nc6 3. Bb5 e6 4. O-O Nge7 5. b3 Nd4 6. Nxd4 cxd4 7. c3 a6 8.
Bd3 Nc6 9. cxd4 Nxd4 10. Bb2 Bc5 11. e5 d6 12. exd6 Qxd6 13. Nc3 Nxb3 14. axb3
Qxd3 15. Na4 Ba7 16. Qg4 Qg6 17. Qb4 b5 18. Ba3 Qg5 19. h4 a5 20. Qc3 Qd5 21.
Qc7 Qd7 22. Qe5 Bd4 23. Qg3 bxa4 24. Rac1 e5 25. Qxg7 e4 26. Qg3 Qg4 27. Qd6
Qd7 28. Qf4 Qe6 29. Rc4 Be5 30. Qxe4 Rb8 31. Re1 axb3 32. Rc6 Bh2+ 1-0

[Event "6. Ciutat de Tarragona 2005"]
[Site "Tarragona ESP"]
[Date "2005.08.27"]
[Round "8.3"]
[White "Delchev, Aleksander"]
[Black "Zagrebelny, Sergey"]
[Result "1-0"]
[WhiteElo "2656"]
[BlackElo "2510"]
[PlyCount "87"]
[EventDate "2005.08.20"]
[EventType "swiss"]
[EventRounds "9"]
[EventCountry "ESP"]
[Source "lmi"]
[SourceDate "2005.08.28"]

1. e4 c5 2. Nf3 d6 3. d4 cxd4 4. Nxd4 Nf6 5. Nc3 Nc6 6. Bg5 e6 7. Qd2 Qb6 8.
Nb3 Be7 9. Bxf6 Bxf6 10. Qxd6 Be5 11. Qc5 Qxc5 12. Nxc5 Ke7 13. Bb5 Nd4 14.
O-O-O Rd8 15. Rhe1 b6 16. Nd3 Bc7 17. Nb4 Kf8 18. Nc6 Nxc6 19. Bxc6 Rb8 20.
Rxd8+ Bxd8 21. Rd1 Bg5+ 22. Kb1 a6 23. e5 a5 24. Ne4 Be7 25. a4 Ba6 26. Rd7 f5
27. Nd6 Bf1 28. g3 Rd8 29. f4 h6 30. Kc1 g5 31. Kd2 gxf4 32. gxf4 h5 33. c3 h4
34. b4 h3 35. Ke3 Rxd7 36. Bxd7 Bh4 37. Bxe6 axb4 38. cxb4 Be1 39. b5 Bb4 40.
Bxf5 Bg2 41. Ne4 Ba3 42. Ng5 Bc1+ 43. Kf2 Ke7 44. Kg3 1-0

[Event "6. Ciutat de Tarragona 2005"]
[Site "Tarragona ESP"]
[Date "2005.08.27"]
[Round "8.4"]
[White "Abergel, Thal"]
[Black "Krivoshey, Sergei"]
[Result "1/2-1/2"]
[WhiteElo "2446"]
[BlackElo "2500"]
[PlyCount "94"]
[EventDate "2005.08.20"]
[EventType "swiss"]
[EventRounds "9"]
[EventCountry "ESP"]
[Source "lmi"]
[SourceDate "2005.08.28"]

1. e4 e6 2. d4 d5 3. Nd2 c5 4. Ngf3 cxd4 5. Nxd4 Nc6 6. Bb5 Bd7 7. Nxc6 Bxc6 8.
Qe2 Nf6 9. O-O Be7 10. Bxc6+ bxc6 11. b3 O-O 12. Bb2 a5 13. f4 a4 14. e5 Nd7
15. f5 exf5 16. Kh1 Nc5 17. Rxf5 Ne6 18. a3 Qd7 19. Rf3 Qa7 20. b4 c5 21. c3
Qa6 22. Qf2 Rac8 23. Rf1 cxb4 24. axb4 a3 25. Ba1 Bg5 26. h4 Bxd2 27. Qxd2 Qc4
28. Qf2 Rc7 29. Kh2 Qg4 30. Kg1 Qe4 31. Re3 Qc4 32. Rf3 Qe4 33. Re3 Qg6 34. Qf3
Rd8 35. Rd3 Qe4 36. Qxe4 dxe4 37. Rxd8+ Nxd8 38. Rd1 Ne6 39. Rd6 h5 40. Kf2 Nf4
41. Ke3 Nxg2+ 42. Kxe4 Rc4+ 43. Rd4 Rc8 44. b5 g5 45. hxg5 h4 46. g6 h3 47.
gxf7+ Kxf7 1/2-1/2

[Event "6. Ciutat de Tarragona 2005"]
[Site "Tarragona ESP"]
[Date "2005.08.27"]
[Round "8.5"]
[White "Lymar, Irina"]
[Black "Kazhgaleyev, Murtas"]
[Result "1/2-1/2"]
[WhiteElo "2316"]
[BlackElo "2619"]
[PlyCount "119"]
[EventDate "2005.08.20"]
[EventType "swiss"]
[EventRounds "9"]
[EventCountry "ESP"]
[Source "lmi"]
[SourceDate "2005.08.28"]

1. d4 d5 2. Nf3 c6 3. c4 Nf6 4. Nc3 dxc4 5. a4 Bf5 6. e3 e6 7. Bxc4 Bb4 8. O-O
O-O 9. Qe2 Bg4 10. h3 Bxf3 11. Qxf3 Nbd7 12. Rd1 Qa5 13. e4 e5 14. d5 Bxc3 15.
bxc3 cxd5 16. Bxd5 Nxd5 17. Rxd5 Qc7 18. Qg3 f6 19. Ba3 Rf7 20. a5 Nf8 21. Qd3
Ne6 22. Rd1 Rc8 23. Bb4 h6 24. g3 Qc4 25. Qxc4 Rxc4 26. Rd7 Rc7 27. Rxc7 Rxc7
28. h4 Kf7 29. Kf1 Ke8 30. Ke2 Nd8 31. Ke3 Nc6 32. Bd6 Rc8 33. a6 bxa6 34. c4
Na5 35. c5 Nc4+ 36. Kf3 Kf7 37. Kg4 g6 38. h5 gxh5+ 39. Kxh5 Ke6 40. Kxh6 a5
41. Ra1 Rc6 42. Ra4 Nd2 43. f4 Nb3 44. f5+ Kf7 45. Ra3 Nxc5 46. Rxa5 Nxe4 47.
Rxa7+ Ke8 48. Bb4 Rc4 49. Rb7 Rc2 50. Kg6 Rg2 51. Re7+ Kd8 52. Ra7 Rb2 53. Be7+
Ke8 54. Bxf6 Rb6 55. Re7+ Kf8 56. Rf7+ Ke8 57. Re7+ Kf8 58. Rf7+ Ke8 59. Re7+
Kf8 60. Rf7+ 1/2-1/2